000
00213 a2200097 4500
001
22802
100
_a
Worsnop, B L
245
_a
Advanced Practical Physics
260
_a
_b
Asia Pubs
_c
1963
090
_c
15417
_d
15417
942
_a
NUST-CAE
_c
M
_c
6022
999
_c
257875
_d
257875